[Event "Pardubice Czech op-E 33rd"]
[Site "Pardubice"]
[Date "2022.07.16"]
[Round "4.3"]
[White "Ruzicka, Josef"]
[Black "Kusa, Jakub"]
[Result "0-1"]
[WhiteElo "2177"]
[BlackElo "2353"]
[PlyCount "118"]
[EventDate "2022.07.14"]
[EventType "team-swiss"]
[EventRounds "7"]
[EventCountry "CZE"]
[SourceTitle "CBM 209 Extra"]
[Source "ChessBase"]
[SourceDate "2022.09.30"]
[SourceVersion "1"]
[SourceVersionDate "2022.09.30"]
[SourceQuality "1"]
[WhiteTeam "Walkuv Protigambit"]
[BlackTeam "Brno Moravska Slavia"]
[WhiteTeamCountry "CZE"]
[BlackTeamCountry "CZE"]

1. e4 e5 2. Nc3 Nf6 3. Bc4 Nxe4 4. Qh5 Nd6 5. Bb3 Be7 6. Nf3 Nc6 7. Nxe5 g6 8. Nxc6 dxc6 9. Qf3 0-0 10. d3 Nf5 11. 0-0 Nd4 12. Qd1 a5 13. Be3 Bf5 14. Re1 Bb4 15. a3 Nxb3 16. cxb3 Be7 17. d4 Qd7 18. d5 c5 19. Qd2 Rad8 20. Rad1 Bd6 21. f3 h5 22. Bg5 Rde8 23. Bf6 Bxh2+ 24. Kxh2 Qd6+ 25. Kg1 Qxf6 26. Ne4 Bxe4 27. fxe4 b6 28. b4 axb4 29. axb4 cxb4 30. Qxb4 Re7 31. d6 cxd6 32. Rxd6 Re6 33. e5 Qf5 34. Rxb6 Rxe5 35. Rf1 Qc2 36. Rbf6 Re2 37. Qb7 Qxb2 38. Qd5 Qc2 39. Kh1 Qe4 40. Qg5 Re1 41. Rxe1 Qxe1+ 42. Kh2 Kg7 43. Rf3 Qe6 44. Qc5 Re8 45. Qa7 Qe5+ 46. g3 Re7 47. Qf2 h4 48. Rf4 hxg3+ 49. Qxg3 g5 50. Rf2 Qxg3+ 51. Kxg3 Kg6 52. Ra2 Re3+ 53. Kf2 Rb3 54. Kg2 g4 55. Ra5 f5 56. Rc5 f4 57. Ra5 Rb2+ 58. Kg1 g3 59. Kf1 f3 0-1

[Event "Pardubice Czech op-E 31st"]
[Site "Pardubice"]
[Date "2020.09.20"]
[Round "6.3"]
[White "Ruzicka, Josef"]
[Black "Zima, Jan"]
[Result "1-0"]
[WhiteElo "2243"]
[BlackElo "2104"]
[PlyCount "61"]
[EventDate "2020.09.17"]
[EventType "team-swiss"]
[EventRounds "7"]
[EventCountry "CZE"]
[SourceTitle "CBM 198 Extra"]
[Source "ChessBase"]
[SourceDate "2020.11.30"]
[SourceVersion "1"]
[SourceVersionDate "2020.11.30"]
[SourceQuality "1"]
[WhiteTeam "Walkuv Protigambit"]
[BlackTeam "Turnov Zikuda III"]
[WhiteTeamCountry "CZE"]
[BlackTeamCountry "CZE"]

1. e4 c5 2. Nc3 d6 3. f4 g6 4. Nf3 Bg7 5. Bc4 Nc6 6. d3 Nf6 7. 0-0 0-0 8. a4 e6 9. Ba2 a6 10. h3 Ne8 11. Qe1 Bd7 12. Qf2 b5 13. e5 c4 14. dxc4 b4 15. Ne4 dxe5 16. fxe5 Nxe5 17. Nxe5 Bxe5 18. Bg5 f6 19. Rad1 Qe7 20. Bh6 Rf7 21. Ng5 Rg7 22. c5 Bc8 23. Bxg7 Nxg7 24. Ne4 f5 25. Nd6 Bd7 26. Qf3 Ra7 27. Rfe1 Bxb2 28. c6 Be8 29. Qe3 Rc7 30. Nxe8 Qxe8 31. Bxe6+ 1-0

[Event "Pardubice Czech op-E 31st"]
[Site "Pardubice"]
[Date "2020.09.18"]
[Round "3.3"]
[White "Ruzicka, Josef"]
[Black "Jurcik, Marian"]
[Result "0-1"]
[WhiteElo "2243"]
[BlackElo "2426"]
[PlyCount "122"]
[EventDate "2020.09.17"]
[EventType "team-swiss"]
[EventRounds "7"]
[EventCountry "CZE"]
[SourceTitle "CBM 198 Extra"]
[Source "ChessBase"]
[SourceDate "2020.11.30"]
[SourceVersion "1"]
[SourceVersionDate "2020.11.30"]
[SourceQuality "1"]
[WhiteTeam "Walkuv Protigambit"]
[BlackTeam "Stay Positive"]
[WhiteTeamCountry "CZE"]
[BlackTeamCountry "CZE"]

1. e4 c6 2. d4 d5 3. Nc3 dxe4 4. Nxe4 Nf6 5. Nxf6+ exf6 6. g3 Bd6 7. Bg2 0-0 8. Ne2 Re8 9. 0-0 Bg4 10. Re1 Nd7 11. h3 Bh5 12. Qd3 Bg6 13. Qb3 Qb6 14. Be3 Qxb3 15. cxb3 Be4 16. Nc3 Bxg2 17. Kxg2 a6 18. Kf3 Kf8 19. Rad1 Rad8 20. d5 c5 21. Ne4 b6 22. Bf4 Bxf4 23. Kxf4 Ne5 24. d6 Re6 25. Re2 g5+ 26. Kf5 Nc6 27. f3 Kg7 28. f4 h5 29. Red2 Rdxd6 30. fxg5 Rxd2 31. Rxd2 Nd4+ 32. Kf4 f5 33. Nf6 Kg6 34. h4 Re1 35. Rd3 Re2 36. b4 Ne6+ 37. Kf3 Rxb2 38. bxc5 bxc5 39. Ra3 Rb6 40. Ke3 Rd6 41. Rb3 c4 42. Rc3 Rd4 43. Ra3 f4+ 44. gxf4 Rxf4 45. Rxa6 Rxh4 46. Rc6 Rh3+ 47. Kd2 Rh2+ 48. Ke3 Rxa2 49. Rxc4 Ra3+ 50. Kf2 Nxg5 51. Nd5 Ne6 52. Ne3 Kg5 53. Rb4 Ra5 54. Kf3 Nf8 55. Rb7 Ng6 56. Rb4 f5 57. Ng2 Ra3+ 58. Kf2 Ra2+ 59. Kf3 Ne5+ 60. Kg3 Ra3+ 61. Kh2 Ng4+ 0-1

[Event "Pardubice op rapid 29th"]
[Site "Pardubice"]
[Date "2018.07.19"]
[Round "6"]
[White "Gabr, Mohsen"]
[Black "Ruzicka, Josef"]
[Result "1-0"]
[WhiteElo "2287"]
[BlackElo "2139"]
[PlyCount "137"]
[EventDate "2018.07.18"]
[EventType "swiss (rapid)"]
[EventRounds "9"]
[EventCountry "CZE"]
[SourceTitle "CBM 185 Extra"]
[Source "ChessBase"]
[SourceDate "2018.07.29"]
[SourceVersion "1"]
[SourceVersionDate "2018.07.29"]
[SourceQuality "1"]

1. d4 Nf6 2. Nf3 g6 3. g3 Bg7 4. Bg2 0-0 5. 0-0 d6 6. c4 c5 7. Nc3 Nc6 8. dxc5 dxc5 9. Be3 Nd7 10. Qd2 Qa5 11. Bh6 Nf6 12. Bxg7 Kxg7 13. e3 Rd8 14. Qe2 Bf5 15. Rfd1 Ne4 16. Nxe4 Bxe4 17. b3 Rxd1+ 18. Rxd1 Rd8 19. Rxd8 Qxd8 20. Ne1 Bxg2 21. Kxg2 b6 22. h4 h5 23. Qb2+ Kg8 24. Nf3 Qd6 25. Ng5 Nb4 26. Kh2 Nc6 27. Qe2 Qf6 28. Nh3 Ne5 29. Nf4 Qd6 30. Kg2 Qc6+ 31. f3 e6 32. Nh3 Qd6 33. Nf2 Kg7 34. Qb2 f6 35. Qc2 Qd7 36. Qe2 Qd8 37. f4 Nc6 38. Qf3 Qd7 39. g4 hxg4 40. Qxg4 Kh6 41. Qf3 Kg7 42. h5 gxh5 43. Qxh5 Ne7 44. e4 Qd2 45. Qg4+ Kf7 46. Qh4 Kg7 47. e5 Nf5 48. Qxf6+ Kh7 49. Qf7+ Kh8 50. Qf8+ Kh7 51. Qf7+ Kh8 52. Qf6+ Kh7 53. Qf7+ Kh8 54. Qf6+ Kh7 55. Qxe6 Qxf4 56. Qf7+ Kh8 57. Qe8+ Kg7 58. Qd7+ Kg6 59. Qc6+ Kh7 60. Qe4 Qg5+ 61. Kf1 Kh8 62. Qa8+ Kh7 63. Qxa7+ Kh6 64. Qxb6+ Kh5 65. Qf6 Qc1+ 66. Ke2 Qe3+ 67. Kf1 Qc1+ 68. Kg2 Ne3+ 69. Kf3 1-0

[Event "Pardubice op rapid 29th"]
[Site "Pardubice"]
[Date "2018.07.18"]
[Round "3"]
[White "Ruzicka, Josef"]
[Black "Chubar, Vladimir"]
[Result "0-1"]
[WhiteElo "2139"]
[BlackElo "2016"]
[PlyCount "64"]
[EventDate "2018.07.18"]
[EventType "swiss (rapid)"]
[EventRounds "9"]
[EventCountry "CZE"]
[SourceTitle "CBM 185 Extra"]
[Source "ChessBase"]
[SourceDate "2018.07.29"]
[SourceVersion "1"]
[SourceVersionDate "2018.07.29"]
[SourceQuality "1"]

1. e4 e6 2. d4 d5 3. Nd2 dxe4 4. Nxe4 Bd7 5. Nf3 Bc6 6. Bd3 Nd7 7. Qe2 Be7 8. Bg5 Bxe4 9. Qxe4 Bxg5 10. Qxb7 Be7 11. Ne5 Nxe5 12. dxe5 Rb8 13. Qxa7 Nh6 14. Rd1 Qc8 15. Qa4+ Kf8 16. Rb1 g6 17. 0-0 Kg7 18. b4 Qb7 19. Rfe1 Nf5 20. c4 Rhd8 21. Be4 Qb6 22. c5 Qb5 23. Qa7 Rbc8 24. a4 Qc4 25. Bb7 Rb8 26. Ba6 Qf4 27. b5 Rd2 28. Rf1 Rbd8 29. Qxc7 Bh4 30. g3 Nxg3 31. fxg3 Qe3+ 32. Kh1 Qe4+ 0-1

[Event "CZE-chT2D 1718"]
[Site "Czech Republic"]
[Date "2018.02.11"]
[Round "8.1"]
[White "Ruzicka, Josef"]
[Black "Hrabusa, Matej"]
[Result "1/2-1/2"]
[WhiteElo "2101"]
[BlackElo "2359"]
[PlyCount "100"]
[EventDate "2017.10.15"]
[EventType "team-tourn"]
[EventRounds "11"]
[EventCountry "CZE"]
[SourceTitle "EXT 2022"]
[Source "ChessBase"]
[SourceDate "2021.10.06"]
[SourceVersion "1"]
[SourceVersionDate "2021.10.06"]
[SourceQuality "1"]
[WhiteTeam "Dalesice Pivovar"]
[BlackTeam "Polabiny III"]
[WhiteTeamCountry "CZE"]
[BlackTeamCountry "CZE"]

1. e4 c5 2. Nf3 e6 3. d4 cxd4 4. Nxd4 Nc6 5. Nxc6 bxc6 6. Bd3 d5 7. 0-0 Nf6 8. e5 Nd7 9. Re1 Qc7 10. Bf4 Be7 11. Nd2 a5 12. h4 Ba6 13. Bxa6 Rxa6 14. Qg4 g6 15. h5 g5 16. Bg3 Qb6 17. Rab1 Qb4 18. Qe2 Ra8 19. Rf1 Rg8 20. c4 Qb6 21. Kh2 Bb4 22. Rbd1 Nc5 23. f3 Na4 24. Nb3 Qa6 25. Rc1 dxc4 26. Qxc4 Qxc4 27. Rxc4 Nxb2 28. Rxc6 Rd8 29. Be1 Nd3 30. Bxb4 axb4 31. Rb6 g4 32. Rb5 g3+ 33. Kg1 Rg5 34. Nc1 Nf2 35. Ne2 Rd2 36. Nxg3 Nd1 37. Kh2 Ne3 38. Rg1 Rd4 39. Ne4 Rxh5+ 40. Kg3 Kf8 41. Nf6 Nf5+ 42. Kf2 Rhh4 43. Rb8+ Kg7 44. Rg8+ Kh6 45. g4 Rh2+ 46. Ke1 Ng7 47. Nh5 Rdd2 48. Nf4 Kg5 49. Nh3+ Kh6 50. Nf4 Kg5 1/2-1/2

[Event "Pardubice op rapid 28th"]
[Site "Pardubice"]
[Date "2017.07.19"]
[Round "1"]
[White "Ruzicka, Josef"]
[Black "Das, Sayantan"]
[Result "0-1"]
[WhiteElo "2087"]
[BlackElo "2399"]
[PlyCount "74"]
[EventDate "2017.07.19"]
[EventType "swiss (rapid)"]
[EventRounds "9"]
[EventCountry "CZE"]
[SourceTitle "CBM 179 Extra"]
[Source "ChessBase"]
[SourceDate "2017.08.23"]
[SourceVersion "1"]
[SourceVersionDate "2017.08.23"]
[SourceQuality "1"]

1. e4 e6 2. d4 d5 3. Nd2 c5 4. Ngf3 cxd4 5. Nxd4 Nf6 6. e5 Nfd7 7. N2f3 Nc6 8. Nxc6 bxc6 9. Bd3 Rb8 10. Qe2 Nc5 11. 0-0 Be7 12. b3 a5 13. a4 0-0 14. Re1 h6 15. Bf4 Nxd3 16. Qxd3 Qb6 17. Nd2 Ba6 18. Qg3 Kh7 19. Qg4 Bc5 20. Qh4 g5 21. Bxg5 Bxf2+ 22. Qxf2 Qxf2+ 23. Kxf2 hxg5 24. c3 Kg6 25. Re3 c5 26. Kg3 Rb6 27. Rae1 Rc8 28. Rf3 c4 29. bxc4 Bxc4 30. Rf6+ Kg7 31. Kg4 Rb2 32. Nf3 Bd3 33. g3 Rxc3 34. Nxg5 Bf5+ 35. Kf4 Rf2+ 36. Nf3 Rcxf3+ 37. Kg5 Rxh2 0-1

[Event "CZE-chT2D 1617"]
[Site "Czech Republic"]
[Date "2017.04.02"]
[Round "11.2"]
[White "Bulockin, Martin"]
[Black "Ruzicka, Josef"]
[Result "1/2-1/2"]
[WhiteElo "1934"]
[BlackElo "2115"]
[PlyCount "63"]
[EventDate "2016.10.09"]
[EventType "team-tourn"]
[EventRounds "11"]
[EventCountry "CZE"]
[SourceTitle "EXT 2022"]
[Source "ChessBase"]
[SourceDate "2021.10.06"]
[SourceVersion "1"]
[SourceVersionDate "2021.10.06"]
[SourceQuality "1"]
[WhiteTeam "Polabiny III"]
[BlackTeam "Dalesice Pivovar"]
[WhiteTeamCountry "CZE"]
[BlackTeamCountry "CZE"]

1. e4 c5 2. Nf3 e6 3. d4 cxd4 4. Nxd4 a6 5. Bd3 Nf6 6. 0-0 Qc7 7. Qe2 Nc6 8. Nb3 d6 9. Nc3 Be7 10. Bd2 0-0 11. Rae1 b5 12. f4 Bb7 13. a3 Rac8 14. Kh1 Rfd8 15. e5 Nd7 16. exd6 Bxd6 17. f5 Nce5 18. fxe6 fxe6 19. Be4 Nf6 20. Bxb7 Qxb7 21. Bg5 Rf8 22. Nd4 Qd7 23. Bf4 Nc4 24. Nxe6 Rfe8 25. Bh6 gxh6 26. Rxf6 Ne5 27. Nf4 Nd3 28. Ne6 Nxe1 29. Qg4+ Kh8 30. Qd4 Kg8 31. Qg4+ Kh8 32. Qd4 1/2-1/2

[Event "CZE-chT rap"]
[Site "Pardubice"]
[Date "2016.07.15"]
[Round "3.2"]
[White "Ruzicka, Josef"]
[Black "Plat, Vojtech"]
[Result "0-1"]
[WhiteElo "2182"]
[BlackElo "2498"]
[PlyCount "84"]
[EventDate "2016.07.14"]
[EventType "team-swiss"]
[EventRounds "7"]
[EventCountry "CZE"]
[SourceTitle "EXT 2017"]
[Source "ChessBase"]
[SourceDate "2016.10.25"]
[SourceVersion "1"]
[SourceVersionDate "2016.10.25"]
[SourceQuality "1"]
[WhiteTeam "Trebic Caissa"]
[BlackTeam "Lysa nad Labem Joly"]
[WhiteTeamCountry "CZE"]
[BlackTeamCountry "CZE"]

1. e4 c5 2. Nf3 Nc6 3. d4 cxd4 4. Nxd4 g6 5. c4 Bg7 6. Be3 Qb6 7. Nb5 Qa5+ 8. N1c3 a6 9. Nd4 Nxd4 10. Bxd4 Nf6 11. f3 0-0 12. Be2 b5 13. 0-0 bxc4 14. Bxc4 Bb7 15. Qe2 d6 16. Rfd1 Rac8 17. Rac1 Rfe8 18. a3 e6 19. Ba2 Rc6 20. Rc2 Rec8 21. Rcd2 Ne8 22. Bxg7 Kxg7 23. Qe3 Qb6 24. Kf2 Qxe3+ 25. Kxe3 Kf6 26. h4 Ke7 27. g3 f5 28. Bb1 Nf6 29. Bd3 Rb6 30. Ne2 fxe4 31. Bxe4 Bxe4 32. fxe4 Ng4+ 33. Kf3 Ne5+ 34. Kg2 Nc4 35. Rc1 Nxd2 36. Rxc8 Rxb2 37. e5 dxe5 38. Rc7+ Kf6 39. Rxh7 e4 40. Ra7 Nf3 41. Kf1 e3 42. Rc7 Ke5 0-1

[Event "CZE-chT2E 1516"]
[Site "Czech Republic"]
[Date "2016.04.17"]
[Round "11.2"]
[White "Ruzicka, Josef"]
[Black "Danada, Tomas"]
[Result "0-1"]
[WhiteElo "2211"]
[BlackElo "2197"]
[PlyCount "92"]
[EventDate "2015.10.18"]
[EventType "team-tourn"]
[EventRounds "11"]
[EventCountry "CZE"]
[SourceTitle "EXT 2022"]
[Source "ChessBase"]
[SourceDate "2021.10.06"]
[SourceVersion "1"]
[SourceVersionDate "2021.10.06"]
[SourceQuality "1"]
[WhiteTeam "Dalesice Pivovar"]
[BlackTeam "Prusanky Podluzan"]
[WhiteTeamCountry "CZE"]
[BlackTeamCountry "CZE"]

1. d4 g6 2. e4 Bg7 3. Be3 Nf6 4. Nc3 d5 5. e5 Ng4 6. Qd2 Nxe3 7. Qxe3 0-0 8. f4 c5 9. Nf3 Nc6 10. Bb5 Bg4 11. Bxc6 Bxf3 12. Qxf3 bxc6 13. dxc5 f6 14. exf6 Bxf6 15. 0-0 Rb8 16. Nd1 Bd4+ 17. Kh1 e5 18. Qd3 Qf6 19. c3 Bxc5 20. b4 Bb6 21. g3 exf4 22. Rxf4 Qe6 23. Nb2 Rxf4 24. gxf4 Re8 25. Na4 Bc7 26. Nc5 Qg4 27. Rf1 Bd6 28. h3 Qe2 29. Qxe2 Rxe2 30. f5 Rh2+ 31. Kg1 Rxh3 32. fxg6 Rg3+ 33. Kf2 Rxc3 34. gxh7+ Kxh7 35. Ne6 Bxb4 36. Rg1 Bc5+ 37. Nxc5 Rxc5 38. Ke3 Rc2 39. a4 a5 40. Rg4 Rc3+ 41. Kd2 Ra3 42. Kc2 Kh6 43. Kb2 Kh5 44. Rg8 Rxa4 45. Kb3 Rb4+ 46. Kc3 Rg4 0-1

[Event "CZE-chT2E 1516"]
[Site "Czech Republic"]
[Date "2016.02.07"]
[Round "7.3"]
[White "Ruzicka, Josef"]
[Black "Haba, Zdenek"]
[Result "1-0"]
[WhiteElo "2211"]
[BlackElo "2227"]
[PlyCount "80"]
[EventDate "2015.10.18"]
[EventType "team-tourn"]
[EventRounds "11"]
[EventCountry "CZE"]
[SourceTitle "EXT 2022"]
[Source "ChessBase"]
[SourceDate "2021.10.06"]
[SourceVersion "1"]
[SourceVersionDate "2021.10.06"]
[SourceQuality "1"]
[WhiteTeam "Dalesice Pivovar"]
[BlackTeam "Jihlava Gordic"]
[WhiteTeamCountry "CZE"]
[BlackTeamCountry "CZE"]

1. d4 Nf6 2. c4 c5 3. d5 e5 4. Nc3 d6 5. e4 Be7 6. f4 exf4 7. Bxf4 0-0 8. Nf3 Re8 9. Bd3 Nbd7 10. 0-0 Nf8 11. Qd2 Ng6 12. Bg3 Nh5 13. Bf2 Bg4 14. Be3 Bxf3 15. Rxf3 Ne5 16. Rf5 g6 17. Rff1 Qd7 18. Be2 Ng7 19. Kh1 a6 20. a4 f5 21. Qc2 fxe4 22. Nxe4 Nf5 23. Bg1 Rf8 24. Qc3 Qc7 25. Rad1 b6 26. Qh3 Qd7 27. b3 Rae8 28. Bg4 Nxg4 29. Qxg4 Bd8 30. Ng3 Nxg3+ 31. Qxg3 Bf6 32. Rde1 Be5 33. Qg5 Bf4 34. Rxe8 Bxg5 35. Rexf8+ Kg7 36. h3 Be7 37. R8f7+ Kg8 38. Be3 Qe8 39. R7f3 h5 40. Bf4 g5 1-0

[Event "CZE-chT2E 1516"]
[Site "Czech Republic"]
[Date "2015.12.06"]
[Round "4.4"]
[White "Ruzicka, Josef"]
[Black "Markovic, Ivan1111"]
[Result "0-1"]
[WhiteElo "2211"]
[BlackElo "2124"]
[PlyCount "77"]
[EventDate "2015.10.18"]
[EventType "team-tourn"]
[EventRounds "11"]
[EventCountry "CZE"]
[SourceTitle "EXT 2022"]
[Source "ChessBase"]
[SourceDate "2021.10.06"]
[SourceVersion "1"]
[SourceVersionDate "2021.10.06"]
[SourceQuality "1"]
[WhiteTeam "Dalesice Pivovar"]
[BlackTeam "Kurim"]
[WhiteTeamCountry "CZE"]
[BlackTeamCountry "CZE"]

1. e4 d6 2. d4 Nf6 3. Nc3 e5 4. Nf3 Nbd7 5. Bc4 Be7 6. dxe5 dxe5 7. 0-0 0-0 8. Qe2 c6 9. a4 b6 10. b3 a6 11. Bb2 Bb7 12. Bd3 Qc7 13. Nd1 b5 14. Ne3 g6 15. Rfd1 Rfe8 16. h3 Bf8 17. Ng4 Nxg4 18. hxg4 Nc5 19. g5 h5 20. g3 Bg7 21. Qe3 Ne6 22. Bc3 Qe7 23. Rd2 Nd4 24. Be2 c5 25. Bb2 Bc6 26. Bd1 Qe6 27. Ra3 b4 28. Ra1 Qe7 29. Be2 Qb7 30. Bd3 Rad8 31. Rdd1 Rd7 32. Nd2 Red8 33. Nc4 Qc7 34. Re1 Ba8 35. f3 Nxb3 36. Rad1 Nd4 37. c3 Ne6 38. cxb4 cxb4 39. Qe2 0-1

[Event "CZE-chT2E 1415"]
[Site "Czech Republic"]
[Date "2015.02.22"]
[Round "8.7"]
[White "Ruzicka, Josef"]
[Black "Hajek, Oskar"]
[Result "1-0"]
[WhiteElo "1992"]
[BlackElo "2035"]
[PlyCount "81"]
[EventDate "2014.11.02"]
[EventType "team-tourn"]
[EventRounds "11"]
[EventCountry "CZE"]
[SourceTitle "EXT 2022"]
[Source "ChessBase"]
[SourceDate "2021.10.06"]
[SourceVersion "1"]
[SourceVersionDate "2021.10.06"]
[SourceQuality "1"]
[WhiteTeam "Dalesice Pivovar"]
[BlackTeam "Prusanky Podluzan"]
[WhiteTeamCountry "CZE"]
[BlackTeamCountry "CZE"]

1. e4 d6 2. d4 Nf6 3. Nc3 e5 4. Nf3 Nbd7 5. Bc4 Be7 6. 0-0 0-0 7. Re1 c6 8. a4 a5 9. b3 exd4 10. Qxd4 Nc5 11. Ba3 Ng4 12. Rad1 Be6 13. Bxe6 Nxe6 14. Qd2 Nc5 15. Qf4 Qc8 16. h3 Nh6 17. Nd4 Ne6 18. Nxe6 fxe6 19. Qg3 Qd8 20. Bxd6 Bxd6 21. Rxd6 Qf6 22. Rd3 Nf7 23. e5 Qe7 24. f4 Nh6 25. Ne4 Nf5 26. Qf2 Rad8 27. Red1 Rxd3 28. Rxd3 Qb4 29. Ng5 Re8 30. Qd2 Qb6+ 31. Kh2 h6 32. Ne4 Ne7 33. Nd6 Rf8 34. c4 Ng6 35. Rf3 Nh4 36. Rg3 Kh8 37. Rg4 g5 38. fxg5 Ng6 39. gxh6 Nxe5 40. Qc3 Qc5 41. Ne4 1-0

[Event "Trebic Highlands op 10th"]
[Site "Trebic"]
[Date "2014.05.18"]
[Round "3"]
[White "Bartos, Jan"]
[Black "Ruzicka, Josef"]
[Result "1/2-1/2"]
[WhiteElo "2232"]
[BlackElo "1999"]
[PlyCount "36"]
[EventDate "2014.05.17"]
[EventType "swiss"]
[EventRounds "9"]
[EventCountry "CZE"]
[SourceTitle "CBM 160 Extra"]
[Source "ChessBase"]
[SourceDate "2014.07.01"]
[SourceVersion "1"]
[SourceVersionDate "2014.07.01"]
[SourceQuality "1"]

1. d4 Nf6 2. c4 e6 3. Nf3 b6 4. g3 Bb7 5. Bg2 Be7 6. 0-0 0-0 7. Nc3 d6 8. Qc2 c5 9. d5 exd5 10. cxd5 Na6 11. e4 Nc7 12. a4 a6 13. Rb1 Re8 14. b4 Rb8 15. bxc5 bxc5 16. Nd2 a5 17. Nb3 Na6 18. Nb5 Nb4 1/2-1/2

[Event "CZE-ch U16"]
[Site "Kouty nad Desnou"]
[Date "2014.03.11"]
[Round "5"]
[White "Havelka, Josef"]
[Black "Ruzicka, Josef"]
[Result "1/2-1/2"]
[WhiteElo "1988"]
[BlackElo "2034"]
[PlyCount "72"]
[EventDate "2014.03.08"]
[EventType "swiss"]
[EventRounds "9"]
[EventCountry "CZE"]
[SourceTitle "EXT 2015"]
[Source "ChessBase"]
[SourceDate "2014.11.20"]
[SourceVersion "1"]
[SourceVersionDate "2014.11.20"]
[SourceQuality "1"]

1. e4 c5 2. Nf3 d6 3. Bb5+ Bd7 4. Bxd7+ Nxd7 5. 0-0 Ngf6 6. Re1 g6 7. c3 Bg7 8. d4 0-0 9. h3 cxd4 10. cxd4 e5 11. Nc3 Rc8 12. Be3 a6 13. a4 b6 14. Qe2 Ra8 15. dxe5 dxe5 16. Red1 Qc7 17. Rac1 Qb7 18. Rd6 Rac8 19. Rcd1 Nc5 20. b4 Nfxe4 21. Nxe4 Nxe4 22. Rxb6 Nc3 23. Rxb7 Nxe2+ 24. Kf1 Nd4 25. Bxd4 exd4 26. Ne1 Rc4 27. Nd3 a5 28. Rb1 axb4 29. R7xb4 Rc3 30. R1b3 Ra8 31. Rb8+ Rxb8 32. Rxb8+ Bf8 33. Ke2 Kg7 34. Kd2 Ra3 35. Nb2 Bd6 36. Rd8 Bb4+ 1/2-1/2